| 000 | 01116cab a22001935a 4500 | ||
|---|---|---|---|
| 001 | L153897 | ||
| 008 | 110919s2011 xxk 000 0 eng d | ||
| 035 | _a(Sirsi) u153897 | ||
| 041 | 0 | _aeng | |
| 100 | 1 | _aPatterson, Alan S. | |
| 245 | 0 | 0 | _aFlight to prime assets will be extenuated as markets go into reverse |
| 260 | _c2011 | ||
| 490 | 0 |
_aSustainablebuilding inc Propertyforecast _v(56) August 2011, 12-14(3) |
|
| 520 | _aAssesses how property is placed as an investment medium in a period of turmoil on the world financial markets in comparison with bonds and equities. Property always finds itself torn in two directions: it has a high income yield (currently higher than equities or bonds); property faces the problem of security of income. Recognises the quoted property sector as a leading indicator for direct property. Figures cover: EU 27 - contributions to GDP growth, 10-year government bond yields, UK prime office yields, and UK quoted property companies. | ||
| 590 | _aKA | ||
| 651 | 4 | _aEurope | |
| 690 | _aPROPERTY-COMMERCIAL PROPERTY-COMMERCIAL PROPERTY FINANCE AND INVESTMENT | ||
| 942 | _n0 | ||
| 999 |
_c83411 _d83411 |
||